[Event "Yvelines-ch"]
[Site "Fontenay le Fleury"]
[Date "2003.02.15"]
[Round "6.14"]
[White "Le Scraigne, Eric"]
[Black "Sepchat, Cyril"]
[Result "1/2-1/2"]
[WhiteElo "1670"]
[BlackElo "1830"]
[PlyCount "55"]
[EventDate "2003.02.17"]
[EventType "swiss"]
[EventRounds "7"]
[EventCountry "FRA"]
[SourceTitle "EXT 2004"]
[Source "ChessBase"]
[SourceDate "2003.11.25"]
[SourceVersion "1"]
[SourceVersionDate "2003.11.25"]
[SourceQuality "1"]

1. d4 Nf6 2. Nf3 d5 3. c4 c6 4. Nc3 Bf5 5. Bf4 dxc4 6. a4 Qb6 7. Qd2 e6 8. Ne5 Qb3 9. e3 b5 10. axb5 cxb5 11. g4 Bb4 12. f3 Nd5 13. Rc1 Bg6 14. Bg3 a5 15. Be2 Nxc3 16. bxc3 Ba3 17. 0-0 Bxc1 18. Rxc1 Qa3 19. Nxg6 hxg6 20. Rb1 Nd7 21. Rxb5 Qa4 22. Qb2 0-0 23. Bd6 Rfc8 24. Qb1 Ra6 25. Bd1 Qxb5 26. Qxb5 Rxd6 27. Qxa5 Nb6 28. Qb4 1/2-1/2

[Event "Yvelines-ch"]
[Site "Fontenay le Fleury"]
[Date "2003.02.08"]
[Round "2.2"]
[White "Sepchat, Cyril"]
[Black "Lallemand, Roza"]
[Result "0-1"]
[WhiteElo "1830"]
[BlackElo "2283"]
[PlyCount "155"]
[EventDate "2003.02.17"]
[EventType "swiss"]
[EventRounds "7"]
[EventCountry "FRA"]
[SourceTitle "EXT 2004"]
[Source "ChessBase"]
[SourceDate "2003.11.25"]
[SourceVersion "1"]
[SourceVersionDate "2003.11.25"]
[SourceQuality "1"]

1. c4 e5 2. Nc3 Nc6 3. Nf3 g6 4. g3 Bg7 5. Bg2 d6 6. 0-0 Nf6 7. d3 0-0 8. Bd2 h6 9. a3 Be6 10. e4 Qd7 11. Nd5 Nh5 12. Nh4 Nd4 13. b4 c6 14. Ne3 Kh7 15. Nc2 Nb3 16. Rb1 Nxd2 17. Qxd2 Qe7 18. Bf3 Nf4 19. Ne3 Nh3+ 20. Kh1 Bf6 21. Nhg2 Bg7 22. b5 Rac8 23. bxc6 bxc6 24. Rb4 f5 25. exf5 gxf5 26. Rfb1 Rc7 27. Nh4 Rf6 28. Bg2 Ng5 29. Nf3 f4 30. Nxg5+ hxg5 31. Be4+ Kg8 32. Nf1 d5 33. cxd5 cxd5 34. Rb8+ Bf8 35. Bf3 Qxa3 36. Qe2 Qd6 37. Bg4 Bf7 38. Nd2 Re7 39. f3 Bg6 40. R8b4 Qa6 41. Rb5 Qc6 42. Ra5 Rd6 43. Rba1 Qb6 44. Bc8 Qe3 45. Qg2 fxg3 46. Nf1 Qf2 47. Qxg3 Qxg3 48. Nxg3 Rf7 49. Kg2 Bxd3 50. Rxa7 Rc6 51. Rxf7 Kxf7 52. Ra7+ Kf6 53. Bd7 Rc2+ 54. Kh3 Be7 55. Be8 Ke6 56. Bd7+ Kf6 57. Ra5 Bc5 58. Bb5 Bxb5 59. Rxb5 Ke6 60. Rb1 Be3 61. Nf1 Bf4 62. Rb6+ Kd7 63. Rb3 Kc6 64. Ng3 Kc5 65. Rd3 Kc4 66. Rd1 Rf2 67. Rf1 Rxf1 68. Nxf1 d4 69. Kg2 Kd3 70. Kf2 Kc2 71. Ke1 d3 72. h3 d2+ 73. Nxd2 Bxd2+ 74. Kf2 Bf4 75. Ke2 Kc3 76. Kf1 Kd3 77. Kf2 Kd2 78. Kf1 0-1